000 00839nam a2200241 a 4500
001 21446
003 BD-RjUL
005 20211209000703.0
008 170123r19671961enkg 001 0 eng d
035 _a(BD-RjUL)21510
040 _aDLC
_cOYU
_dBD-RjUL
_beng
041 _aeng
082 _a821.04
_bFRB 1967
_223
100 1 _aFriedman, Albert B.
_966265
245 1 4 _aThe ballad revival :
_bstudies in the influence of popular on sophisticated poetry /
_cAlbert B. Friedman
260 _aChicago ; London :
_bUniversity of Chicago Press,
_cc1961 [Impression 1967].
300 _avii, 375 p. :
_c23 cm.
_bill. ;
504 _aInclude index.
650 0 _aBallads, English
_zEngland
_xHistory and criticism.
_966266
650 0 _aEnglish poetry
_xHistory and criticism.
_954587
650 0 _aFolklore in literature.
_966267
942 _2ddc
_cBK
999 _c21446
_d21446